Respuestas con «ll» - Estadísticas

Estadísticas generales
  • Esta prueba ha sido intentada 24 veces
  • La puntuación promedio es 13 de 20
Estadísticas de respuestas
Pista Respuesta % Correcto
Animal similar a una alpaca Llama
96%
El ingrediente controversial de la tortilla española Cebolla
87%
Dorsal 1 para España en el Mundial de 2010 Iker Casillas
87%
Isla balear Mallorca
83%
Uno de los platos más emblemáticos de Valencia Paella
83%
Tipo de animal de Arenita Mejillas Ardilla
74%
Una de las 8 originales Princesas Disney Bella
74%
Como se identifica Don Quijote Caballero andante
74%
Capital de Nueva Zelanda Wellington
70%
Lámpara eléctrica Bombilla
65%
El papa actual (en catalán) Lleó XIV
65%
Videojuego con versiones Modern Warfare y Black Ops Call of Duty
61%
Una obra de Antoni Gaudí Parque {Güell}
61%
Cantante de «Ocean Eyes» y «Bad Guy» Billie Eilish
57%
País insular Islas Marshall
57%
Una población que no le ha sido concedido el título de ciudad Villa
52%
País insular Seychelles
43%
Director de El laberinto del fauno Guillermo del Toro
35%
Emblemático club de fútbol colombiano Millonarios FC
30%
Una banda argentina de ska Los Fabulosos Cadillacs
22%
No se encontraron pruebas coincidentes
Distribución de puntuación
Porcentaje de gente con cada puntuación
Porcentaje por número respondido
Historial de tus puntuaciones
No has intentado esta prueba.